Логистика: учебник

Bibliografiske detaljer
Hovedforfatter: Гаджинский А. М. Адиль Мухтарович
Summary:В учебнике изложены современная концепция и задачи логистики, охарактеризованы участники логистического процесса, описаны методы, обеспечивающие повышение эффективности хозяйственной деятельности за счет рациональной организации материальных потоков. Для студентов высших учебных заведений, а также практических работников сферы распределения, закупок, транспорта, организации торговых и производственных процессов.
Sprog:russisk
Udgivet: Москва, Дашков и К, 2006
Udgivelse:12-е изд., перераб. и доп.
Fag:
Format: Bog
KOHA link:https://koha.lib.tpu.ru/cgi-bin/koha/opac-detail.pl?biblionumber=67414

MARC

LEADER 00000nam0a2200000 4500
001 67414
005 20231031073535.0
010 |a 5947988577 
035 |a (RuTPU)RU\TPU\book\71779 
090 |a 67414 
100 |a 20040915d2006 m y0rusy50 ca 
101 0 |a rus 
102 |a RU 
105 |a a j 001zy 
200 1 |a Логистика  |e учебник  |f А. М. Гаджинский 
205 |a 12-е изд., перераб. и доп. 
210 |a Москва  |c Дашков и К  |d 2006 
215 |a 432 с.  |c ил. 
320 |a Библиогр.: с. 430-431. 
330 |a В учебнике изложены современная концепция и задачи логистики, охарактеризованы участники логистического процесса, описаны методы, обеспечивающие повышение эффективности хозяйственной деятельности за счет рациональной организации материальных потоков. Для студентов высших учебных заведений, а также практических работников сферы распределения, закупок, транспорта, организации торговых и производственных процессов. 
451 1 |0 (RuTPU)RU\TPU\book\111215  |y 5-91131-117-8  |t Логистика  |o учебник  |f А. М. Гаджинский  |e 13-е изд., перераб. и доп.  |c М.  |n Дашков и К  |d 2006  |p 432 с.  |a Гаджинский, Адиль Мухтарович 
451 1 |0 (RuTPU)RU\TPU\book\24227  |y 5-7856-0178-8  |t Логистика  |o учебник  |f А. М. Гаджинский  |e 3-е изд., перераб. и доп.  |c М.  |n Маркетинг  |d 2000  |p 375 с.  |a Гаджинский, Адиль Мухтарович 
610 1 |a экономика 
610 1 |a логистика 
610 1 |a логистические системы 
610 1 |a логистические процессы 
610 1 |a логистические технологии 
610 1 |a производственная логистика 
610 1 |a закупочная логистика 
610 1 |a издержки 
610 1 |a учет 
610 1 |a материальные потоки 
610 1 |a производство 
610 1 |a обращение 
610 1 |a управление 
610 1 |a распределительная логистика 
610 1 |a транспортная логистика 
610 1 |a информационные системы 
610 1 |a штриховые коды 
610 1 |a штриховое кодирование 
610 1 |a сервис логистический 
610 1 |a временные циклы 
610 1 |a товародвижение 
610 1 |a торговля 
610 1 |a запасы 
610 1 |a складское хозяйство 
610 1 |a склады 
610 1 |a грузовая единица 
610 1 |a учебники 
686 |a У9(2)40я73  |v LBC/SL-A  |2 rubbk 
700 1 |a Гаджинский  |b А. М.  |g Адиль Мухтарович 
801 1 |a RU  |b 63413507  |c 20040915  |g PSBO 
801 2 |a RU  |b 63413507  |c 20120130  |g PSBO 
900 |a Логистика 
942 |c BK 
952 |b 080100 
959 |a 17/20050218  |d 1  |e 132  |f АНЛ:1 
959 |a 119/20051227  |d 1  |e 143  |f НФ:1